000 00413nam a2200157 4500
001 136655
003 ES-MaACL
005 20230906195207.0
007 t|
008 070214s1965 sp r ||||1| cat d
100 1 _aSala, Elisard.
_9101641
245 1 0 _aCançoner de Bagá /
_cElisard Sala.
260 _aBarcelona :
_bDelos-Ayma,
_c1965.
300 _a64 p. ;
_c22 cm.
852 _aES-MaACL
_jC-28468
_bR.57778
999 _c136655
_d136655